Určovanie fyzikálnych výšok na území Slovenska

Guardado en:
Detalles Bibliográficos
Autor principal: Majkráková, Miroslava (Autor)
Otros Autores: Janák, Juraj (Orientador)
Formato: Manuscrito Libro
Lenguaje:eslovaco
Publicado: 2019
Materias:
Acceso en línea:http://is.stuba.sk/zp/portal_zp.pl?podrobnosti=102510
Etiquetas: Agregar Etiqueta
Sin Etiquetas, Sea el primero en etiquetar este registro!

MARC

LEADER 00000ntm a22000003a 4500
001 stuzp35788
003 SK-STU
005 20190831210645.0
007 ta
008 150427s2015----xo-----f-mn---000-0-slo-d
040 |a STU  |b slo 
041 0 |a slo 
100 1 |a Majkráková, Miroslava  |u 010130  |k Z3  |4 aut  |U SvF Stavebná fakulta  |T SvF Katedra geodetických základov  |X 49383  |U V130  |Y 13  |7 A000049383 
242 0 1 |a Determination of the physical heights in the territory of Slovakia  |y eng 
245 1 0 |a Určovanie fyzikálnych výšok na území Slovenska 
260 |c 2019 
650 4 |a Štátna nivelačná sieť  |2 slo 
650 4 |a geopotenciálna kóta  |2 slo 
650 4 |a Európsky vertikálny referenčný systém  |2 slo 
650 4 |a recentné vertikálne pohyby  |2 slo 
650 4 |a National Levelling Network  |2 eng 
650 4 |a geopotential number  |2 eng 
650 4 |a European Vertical Reference System  |2 eng 
650 4 |a recent vertical movements  |2 eng 
700 1 |a Janák, Juraj  |u 010130  |k Z1  |4 ths  |U SvF Stavebná fakulta  |T SvF Katedra geodetických základov  |X 876  |U V130  |Y 13  |7 A000000876 
856 4 |u http://is.stuba.sk/zp/portal_zp.pl?podrobnosti=102510 
996 |b 284V041493  |c V* 3455/DP-1385  |l VVS  |s P  |a 0  |w stuzp35788_0001